| 000 | 00649nam a22001697a 4500 | ||
|---|---|---|---|
| 999 |
_c11515 _d11515 |
||
| 008 | 181206b ||||| |||| 00| 0 eng d | ||
| 082 |
_22016 _aUT 1067 _bOm19 |
||
| 100 |
_aOmbiga, Victor Glee M. _933023 |
||
| 245 |
_aUM Digos Class Management System / _cVictor Glee M. Ombiga, Ilyn Chris N. Ruto, and Quimberly Anne M. Nabua |
||
| 260 |
_aDigos City: _bUMDC _cNovember 2016. |
||
| 300 |
_a93 pages ; _c29 cm. |
||
| 650 |
_aTechnical Program _vInformation Technology _xUndergraduate thesis. _933024 |
||
| 700 |
_aOmbiga, Victor Glee M. _933023 |
||
| 700 |
_aRuto, Ilyn Chris N. _932974 |
||
| 700 |
_aNabua, Quimberly Anne M. _932975 |
||
| 942 |
_2ddc _cUT |
||